| 000 | 00997nam a22003611a 4500 | ||
|---|---|---|---|
| 999 |
_c1899 _d1899 |
||
| 001 | 017562713 | ||
| 003 | UkOxU | ||
| 005 | 20230215091247.0 | ||
| 008 | 101207r20112010enk j 000 f eng|d | ||
| 015 |
_aGBB0E7885 _2bnb |
||
| 016 | 7 |
_a015715497 _2Uk |
|
| 020 | _a9780141325033 (pbk.) : | ||
| 020 | _a0141325038 (pbk.) : | ||
| 035 | _a(Uk)015715497 | ||
| 040 |
_aStDuBDS _beng _cStDuBDS _dUk _dKH8 |
||
| 042 | _aukblsr | ||
| 082 | 0 | 4 |
_aFIC HIG _222 |
| 100 | 1 |
_aHigson, Charlie, _d1958- _eauthor |
|
| 245 | 1 | 4 |
_aThe dead / _cCharlie Higson. |
| 260 |
_aLondon : _bPuffin, _c2011. |
||
| 300 |
_a449 p. ; _c20 cm. |
||
| 336 |
_atext _2rdacontent |
||
| 337 |
_aunmediated _2rdamedia |
||
| 338 |
_avolume _2rdacarrier |
||
| 440 |
_aThe Enemy; _n2 |
||
| 500 | _aOriginally published: 2010. | ||
| 500 |
_aFormerly CIP. _5Uk |
||
| 650 | 0 |
_aZombies _vFiction. |
|
| 650 | 0 |
_aEpidemics _zEngland _zLondon _vFiction. |
|
| 655 | 0 | _aHorror tales. | |
| 655 | 0 | _aYoung adult fiction. | |
| 942 |
_2ddc _cFIC |
||